LEADER 01813nam 2200421 450 001 000000892 005 20050718115000.0 100 $a--------h19381938km-y0itay0103----ba 101 0 $aita 102 $aIT 200 1 $aPoesie$fdi Leonardo Sinisgalli$gcon sei disegni di D. Cantatore 210 $aVenezia$cEdizione del Cavallino$d1938 - XVI$eVenezia$gSoc. Acc. Stamperia Zanetti in Venezia$h1938 215 $a109 p.$c6 ill. f. t.$d22 cm 303 $aSulla terza di cop.: "Prezzo Lire 12" 303 $aSull'occhietto dedica manoscritta dell'aut.: "A Mimì, per tanti/ anni di amicizia/ Leonardo/ [...] 11 agosto 1939" 305 $aSull'ultima pagina dopo l'indice: "Questo libro è stato stampato a cura di Carlo Cardazzo "Edizione del Cavallino" in N. 149 esemplari in carta pesante numerati a mano fuori commercio N. 349 esemplari in carta leggera. La stampa è stata eseguita dalla soc. Acc. Stamperia Zanetti in Venezia nel gennaio 1938" 320 $aIndice alla fine del testo 700 1$aSinisgalli,$bLeonardo$011743 701 1$aCantatore,$bD.$0438561 702 1$aCardazzo,$bCarlo 801 0$aIT$bUniversità della Basilicata - B.I.A.$gRICA$2unimarc 912 $a000000892 996 $aPoesie$971099 997 $aUNIBAS BAS $aMONLET BAS $aMONOGR BAS $aLETTERE CAT $aGINO$b01$c19990628$lBAS01$h1730 CAT $c20000913$lBAS01$h1424 CAT $c20000920$lBAS01$h1828 CAT $c20001010$lBAS01$h1631 CAT $c20050601$lBAS01$h1752 CAT $abatch$b01$c20050718$lBAS01$h1047 CAT $c20050718$lBAS01$h1106 CAT $c20050718$lBAS01$h1136 CAT $c20050718$lBAS01$h1150 FMT Z30 -1$lBAS01$LBAS01$mBOOK$1BASA1$APolo Storico-Umanistico$2FDEP$BFondo De Pilato$3FD/1872$61872$5D1872$820031016$f52$FRari LEADER 01447nam0 2200385 i 450 001 RAV0040689 005 20231121125625.0 010 $a8842024120 010 $a9788842024125$b6. ed. 2010 100 $a20030205d1984 ||||0itac50 ba 101 | $aita 102 $ait 181 1$6z01$ai $bxxxe 182 1$6z01$an 200 1 $aLogica$fImmanuel Kant : a cura di Leonardo Amoroso 210 $aRoma$aBari$cLaterza$d1984 215 $aXV, 163 p.$d21 cm. 225 | $aBiblioteca universale Laterza$v111 410 0$1001CFI0002268$12001 $aBiblioteca universale Laterza$v111 500 10$aLogik. -$3CFI0059909$9CFIV000707$914826 606 $aLogica$2FIR$3RMLC070749$9N 676 $a193$9Filosofia occidentale moderna. Germania e Austria$v21 700 1$aKant$b, Immanuel$3CFIV000707$4070$048116 702 1$aAmoroso$b, Leonardo$3CFIV000705 790 1$aKant$b, Emmanuel$3BVEV026501$zKant, Immanuel 790 1$aKant$b, Emanuele$3SBNV030224$zKant, Immanuel 801 3$aIT$bIT-01$c20030205 850 $aIT-RM0289 $aIT-FR0017 899 $aBiblioteca Statale A. Baldini$bRM0289 899 $aBiblioteca umanistica Giorgio Aprea$bFR0017 $eN 912 $aRAV0040689 950 0$aBiblioteca umanistica Giorgio Aprea$d 52MAG 2 Coll B 111$e 52MAG0000192425 VMB RS $fA $h20200617$i20200617 977 $a 04$a 52 996 $aLogik$914826 997 $aUNICAS